000 00773nam a2200241 a 4500
001 84867
003 BD-RjUL
005 20250428122103.0
008 250428s1985 pk b 000 0 urdo
035 _a(BD-RjUL) 84867
040 _aDLC
_cDLC
_dDLC
_beng
041 _aurd
082 _223
_a327.5491
_bSAH 1985
100 1 _aSaʻīd, Aḥmad, ‏سعيد، احمد،‏
_d1942-
_915347
245 1 0 _aحصول پاکستان / Ḥuṣūl-i Pākistān /
_cAḥmad Saʻīd. ;; ‏سعيد، احمد،
260 _aLāhaur :
_bEjūkeshnal Emporiyam ,
_c1985.
300 _a8, 344 p. ;
_c22 cm.
500 _aIn Urdu.
504 _aBibliography: p. 340-344.
650 0 _aPakistan movement.
_915348
651 0 _aPakistan
_xForeign relations.
_98274
942 _2ddc
_cBK
999 _c84867
_d84867